000 01378nam0a22003011 4500
001 rc\2288766
005 20260407095007.0
035 _a(NLR Aleph) 006664943
090 _a4933357
_c4933357
100 _a20110829d1978 |||y0rusy50 ca
101 0 _arus
102 _aRU
105 _aa z |||||
200 1 _aОптимизация динамических систем
_eСб. статей
_fБелорус. гос. ун-т им. В.И. Ленина
_g[Редкол.: Г.А. Медведев (гл. ред.) и др.]
210 _aМинск
_cБГУ
_d1978
215 _a155 с.
_cил.
_d20
320 _aБиблиогр. в конце статей
606 _aАвтоматические системы управления, динамические
_jСборники
_xОптимизация
_2rkp
702 1 _4340
_7ca
_8rus
_aМедведев
_bГ. А.
_cд-р физ.-мат. наук, математик
_f1935-2020
_gГеннадий Алексеевич
_9250733
_3RU\NLR\AUTH\770250789
712 0 2 _4475
_aБелорусский государственный университет им. В. И. Ленина
_cМинск
_9338967
_3RU\NLR\AUTH\889921424
801 0 _aRU
_bNLR
_gpsbo
801 1 _aRU
_bELAR
_2rusmarc
852 _aNLR
_j78-3/10093
899 _aRuMoRGB
_jБ 78-6/576
899 _aRuMoRGB
_jБ 78-6/577
942 _cBOOK
980 _aNB